000 00811nam a2200241 a 4500
001 348
003 BR-CuiBMT
005 20231101183834.0
008 231101s2018 mgba 000 0 eng d
020 _a9788545004011
040 _aBR-CuiBMT
_cBR-CuiBMT
080 _22007
_a351.712:658
090 _a351.712:658
_bB699g
100 1 _aBonatto, Hamilton
245 1 0 _aGovernança e gestão de obras públicas :
_bdo planejamento à pós-ocupação /
_cHamilton Bonatto ; prefácio Jorge Ulisses Jacoby Fernandes
260 _aBelo Horizonte :
_bFórum,
_c2018.
300 _a654 p. :
_bil. ;
_c24 cm
504 _aInclui bibliografia.
650 _aObras públicas
_xPlanejamento
_zBrasil
650 _aContratação de obras e serviços
_zBrasil
650 _aContrato administrativo
_zBrasil
942 _2udc
_cLV
999 _c348
_d348